| 000 | 00869nam a2200241 i 4500 | ||
|---|---|---|---|
| 001 | 111622 | ||
| 003 | ES-MaACL | ||
| 005 | 20230906185331.0 | ||
| 007 | t| | ||
| 008 | 061121s1984 sp |||| | spa d | ||
| 245 | 0 | 0 |
_aJóvenes sin empleo _b: tres estrategias / _cinforme de Shirley Williams ... [et al.] ; traducción de Jesús Fernández Zulaica. |
| 260 |
_aMadrid : _bMinisterio de Trabajo y Seguridad Social, _c1984. |
||
| 300 |
_a351 p. ; _c22 cm. |
||
| 490 | 1 | _aInformes OCDE | |
| 650 | 4 |
_aJóvenes- _xEmpleo. _9169435 |
|
| 700 | 1 |
_aWilliams, Shirley. _9116950 |
|
| 700 | 1 |
_aFernández Zulaica, Jesús. _950198 |
|
| 710 | 1 |
_aEspaña. _bMinisterio de Trabajo y Seguridad Social. _93936 |
|
| 710 | 2 |
_aOrganización de Cooperación y Desarrollo Económico. _9167502 |
|
| 830 | 0 |
_aInformes OCDE _9185686 |
|
| 852 |
_aES-MaACL _jL-6750 |
||
| 999 |
_c111622 _d111622 |
||